Countries Closest to Colombia - Sudden Death - Statistics

General Stats
  • This quiz has been taken 109 times
  • The average score is 5 of 15
Answers on the Grid
Answers color-coded by a green-red scale on the quiz's grid according to % correct below.
Panama
Venezuela
Brazil
Peru
Ecuador
Costa Rica
Dominican Republic
Haiti
Guyana
Nicaragua
Trinidad and Tobago
Jamaica
Cuba
Grenada
Honduras
Saint Lucia
Dominica
Barbados
Saint Kitts and Nevis
Antigua and Barbuda
El Salvador
Guatemala
Mexico
United States
Bolivia
Paraguay
Chile
Argentina
Uruguay
Bahamas
 
Answer Stats
Answer % Correct
Ecuador
72%
Peru
72%
Venezuela
72%
Brazil
69%
Panama
56%
Costa Rica
36%
Nicaragua
31%
Guyana
23%
Trinidad and Tobago
15%
Dominican Republic
13%
Honduras
13%
Grenada
10%
Jamaica
10%
Cuba
5%
Haiti
5%
No matching quizzes found
Score Distribution
Percent of People with Each Score
Percentile by Number Answered
Your Score History
You have not taken this quiz